000 00439nam a2200169Ia 4500
008 110201s9999 xx 000 0 und d
082 _bB10201
_aE 652
100 _aPaul Roland
245 _aInverstigating the Unexplained
260 _bJudy Piatkus Ltd
365 _b180
600 _aPaul Roland
630 _aInverstigating the Unexplained
700 _aPaul Roland
730 _aInverstigating the Unexplained
942 _cBOOK
999 _c835611
_d835608